| 000 | 01120cam a2200325 i 4500 | ||
|---|---|---|---|
| 001 | 20681 | ||
| 003 | CO-MdFUSB | ||
| 005 | 20161126101256.0 | ||
| 008 | 161027t1971 xxu||||f |||| 00| 0 eng d | ||
| 020 | _a0-8006-0177-7 | ||
| 040 |
_aCO-MdFUSB _bEspañol _cCO-MdFUSB _dCO-MdFUSB _erda |
||
| 041 | _aeng | ||
| 082 |
_224 _aR 220.66 _bOL44f |
||
| 100 | 1 |
_aTucker, Gene M. _eautor |
|
| 245 | 0 | 0 |
_aForm criticism of the Old Testament _c / Gene M. Tucker _b: |
| 264 | 1 |
_aPhiladelphia, Pennsylvania : _bFortress Press, _c℗[1971] |
|
| 264 | 4 |
_c©1971 _a : _b, |
|
| 300 |
_axii, 84 páginas _b: _c; |
||
| 336 |
_2rdacontent _a1 _ba1 |
||
| 337 |
_2rdamedia _a2 _b5 |
||
| 338 |
_2rdacarrier _a2 _b5 |
||
| 490 | _aGuides to Biblical Scholarship | ||
| 501 | _aRústico | ||
| 505 | 0 | 0 | _aEl método de la crítica de las formas - La crítica de las formas: Géneros y textos |
| 630 | 7 |
_aBiblia. _pAntiguo Testamento _xCrítica textual |
|
| 653 | _aTextual criticism--sacred books--Bible. O.T. | ||
| 653 | _aLa crítica textual - libros sagrados - Biblia. Antiguo Testamento | ||
| 942 | _cREF | ||
| 999 |
_c47032 _d47032 |
||